| 000 | 00432nam a2200157 a 4500 | ||
|---|---|---|---|
| 001 | 3768 | ||
| 003 | CDMR | ||
| 005 | 20130314154534.0 | ||
| 008 | 130130s1980||||||||||||||||||||||||||||d | ||
| 040 |
_aCDMR _bcat _cCDMR |
||
| 245 | 0 | 0 |
_aWorld Press Photo 1980 _b: las mejores fotos de prensa del mundo |
| 260 |
_aMadrid _c1980 _bPhoto-3 |
||
| 500 | _aCatàleg d'exposició | ||
| 710 | 2 |
_93022 _aWorld Press Photo Fundation |
|
| 942 |
_cMON _2ddc |
||
| 999 |
_c3768 _d3768 |
||